الإسلام : (Record no. 15808)
[ view plain ]
| 000 -الفاتح | |
|---|---|
| حقل البيانات ثابتة الطول | 00780nam a22002057a 4500 |
| 008 - عناصر البيانات ثابتة الطول - معلومات عامة | |
| حقل البيانات ثابتة الطول | 110811s1966 ua||||| |||| 00| 0 ara d |
| 082 ## - رقم تصنيف ديوى العشرى | |
| رقم الطبعة | 22 |
| رقم التصنيف | 297 |
| رقم المادة | ش ل ت |
| 100 1# - المدخل الرئيسى - إسم شخصى | |
| 9 (RLIN) | 15031 |
| الإسم الشخصى | شلتوت ، محمود |
| 245 ## - بيان العنوان | |
| العنوان | الإسلام : |
| بقية العنوان | عقيدة و شريعة / |
| بيان المسئوليه,etc | محمود شلتوت |
| 250 ## - بيان الطبعة | |
| بيان الطبعة | ط 3. |
| 260 ## - PUBLICATION, DISTRIBUTION, ETC. (IMPRINT) | |
| مكان الناشر او الموزع | القاهرة : |
| اسم الناشر او الموزع | دار القلم ، |
| تاريخ النشر أو التوزيع | 1966. |
| 300 ## - الوصف المادى | |
| التعداد | 570 ص ؛ |
| أبعاد الوعاء | 24 سم. |
| 650 ## - المدخل الاضافى بالموضوع-مصطلح موضوعى | |
| 9 (RLIN) | 13667 |
| مصطلح موضوعي أو اسم جغرافي كعنصر مدخل | الإسلام |
| 650 ## - المدخل الاضافى بالموضوع-مصطلح موضوعى | |
| 9 (RLIN) | 16065 |
| مصطلح موضوعي أو اسم جغرافي كعنصر مدخل | علم الكلام |
| 650 ## - المدخل الاضافى بالموضوع-مصطلح موضوعى | |
| 9 (RLIN) | 15034 |
| مصطلح موضوعي أو اسم جغرافي كعنصر مدخل | الشريعة الإسلامية |
| 650 ## - المدخل الاضافى بالموضوع-مصطلح موضوعى | |
| 9 (RLIN) | 26658 |
| مصطلح موضوعي أو اسم جغرافي كعنصر مدخل | العقائد الإسلامية |
| 653 ## - مصطلح تكشيفى غير مقيد | |
| Resource For college | |
| Arrived date list | August2011 |
| 942 ## - عناصر المدخل الإضافي( كوها) | |
| مصدر التصنيف او مخطط الترفيف | Dewey Decimal Classification |
| Koha [default] item type | Book - Borrowing |
| حالة التراجع | حالة الفقد | مصدر التصنيف او خطة الترفيف | حالة تلف | ليس للاعارة | مجموعات كوها | المكان الدائم | المكان الحالي | موقع الترفيف | تاريخ الاكتساب | رقم الاستدعاء | الباركود | Date last seen | مُعار | نوع الوعاء |
|---|---|---|---|---|---|---|---|---|---|---|---|---|---|---|
| Dewey Decimal Classification | Alef-Baa | Central Library | Central Library | Lower Floor | 11/08/2011 | 297 ش ل ت | 000024551 | 15/07/2025 | 23/05/2021 | Book - Borrowing |